Yorkshire Football Teams - Statistics

General Stats
  • This quiz has been taken 1,924 times
    1,255 since last reset
  • The average score is 9 of 12
Answer Stats
League Region Team % Correct
Premier League West Yorkshire Leeds United
99%
Premier League South Yorkshire Sheffield United
91%
Championship South Yorkshire Sheffield Wednesday
90%
League One East Riding Hull City
82%
League Two West Yorkshire Bradford City
79%
Championship West Yorkshire Huddersfield
77%
Championship South Yorkshire Barnsley
74%
Championship South Yorkshire Rotherham United
69%
League One South Yorkshire Doncaster Rovers
67%
League Two North Yorkshire Harrogate Town
61%
Championship North Yorkshire Middlesbrough
58%
National League West Yorkshire Halifax Town
49%
No matching quizzes found
Score Distribution
Percent of People with Each Score
Percentile by Number Answered
Your Score History
You have not taken this quiz since the last reset